Potential Hevea genotypes for timber production (Record no. 65384)

MARC details
000 -LEADER
fixed length control field 00662nam a2200217Ia 4500
100 ## - MAIN ENTRY--AUTHOR NAME
Personal name Othman R
245 #0 - TITLE STATEMENT
Title Potential Hevea genotypes for timber production
260 ## - PUBLICATION, DISTRIBUTION, ETC. (IMPRINT)
Name of publisher In: Ensuring sustainability and competitiveness of the NR industry: Proceedings of the RRIM Rubber Growers Conference, Kuala Lumpur, 1995; p340-360
650 ## - SUBJECT ADDED ENTRY--TOPICAL TERM
Topical Term Hevea
650 ## - SUBJECT ADDED ENTRY--TOPICAL TERM
Topical Term Timber production
700 ## - ADDED ENTRY--PERSONAL NAME
Personal name Ab Ghani Z
700 ## - ADDED ENTRY--PERSONAL NAME
Personal name Arshad N L
700 ## - ADDED ENTRY--PERSONAL NAME
Personal name Benong M
700 ## - ADDED ENTRY--PERSONAL NAME
Personal name Hashim O
700 ## - ADDED ENTRY--PERSONAL NAME
Personal name Huat O S
700 ## - ADDED ENTRY--PERSONAL NAME
Personal name Mohd Noor A Ghani
700 ## - ADDED ENTRY--PERSONAL NAME
Personal name Mohd Zain Abd Aziz
700 ## - ADDED ENTRY--PERSONAL NAME
Personal name Wanchik M G
942 ## - ADDED ENTRY ELEMENTS (KOHA)
Koha item type Journals
Holdings
Withdrawn status Lost status Damaged status Not for loan Home library Current library Shelving location Date acquired Koha item type
      Journals RRII Library RRII Library Rubber general 17/12/2021 Journals